00285 a2200121 450000100060000000300050000608200150001110000260002624500330005226000500008530000100013550000180014589866NUST a297.23 SUL aSultan Bashir Mahmood aQiamat Aur Hayat Baadul Moat aIslamabadbDar-ul-Hokomat Internationalc2013 a446p. aGeneral Books